00506 2200205 4500001002100000005001500021008004100036020002200077035001900099041000700118082001100125090001700136100001800153700001700171245002000188260004000208300002500248500001000273650001700283INLIS00000000000221720241224112509241224||||||||| | ||| |||| || |  a978-602-290-004-7 0010-1224002217 aid0 a612.66 a612.66 HAR m0 aMickey Harpaz0 aRobert Wolff00aMenopause Reset aJakartabSerambi Ilmu Semestac2014 axvii,250 hlm.;23 cm. aCet.1 0aBuku Panduan